[Event "12th Capablanca Memorial"]
[Site "Cienfuegos CUB"]
[Date "1975.03.27"]
[Round "17"]
[White "Pesantes Carbajal, Carlos"]
[Black "Vogt, Lothar"]
[Result "0-1"]
[WhiteElo "2330"]
[BlackElo "2450"]
[EventDate "1975.03.05"]
[WhiteFideId "-1"]
[BlackFideId "-1"]
[PlyCount "44"]
[Beauty "8248216261641"]
[GameId "272191863103"]
[EventType "tourn"]
[EventRounds "17"]
[EventCountry "CUB"]
[EventCategory "8"]
[SourceTitle "EXT 1998"]
[Source "ChessBase"]
[SourceDate "1997.11.17"]
[SourceVersion "1"]
[SourceVersionDate "1997.11.17"]
[SourceQuality "1"]

1.d4 Nf6 2.c4 g6 3.Nc3 Bg7 4.e4 d6 5.f3 O-O 6.Bg5 c5 7.d5 e6 8.Qd2 exd5 9.
cxd5 a6 10.a4 Re8 11.Bd3 Nbd7 12.f4 h6 13.Bxf6 Nxf6 14.Nf3 Nxe4 15.Nxe4 f5
16.Ng1 fxe4 17.Bc4 Bf5 18.O-O-O b5 19.Ba2 bxa4 20.Ne2 e3 21.Qe1 Rb8 22.Nc3
Qb6 0-1

[Event "12th Capablanca Memorial"]
[Site "Cienfuegos CUB"]
[Date "1975.03.27"]
[Round "17"]
[White "Sydor, Andrzej"]
[Black "Vasiukov, Evgeny"]
[Result "1/2-1/2"]
[WhiteElo "2395"]
[BlackElo "2560"]
[EventDate "1975.03.05"]
[WhiteFideId "-1"]
[BlackFideId "-1"]
[PlyCount "68"]
[Beauty "6460167684106"]
[GameId "272191863104"]
[EventType "tourn"]
[EventRounds "17"]
[EventCountry "CUB"]
[EventCategory "8"]
[SourceTitle "EXT 1998"]
[Source "ChessBase"]
[SourceDate "1997.11.17"]
[SourceVersion "1"]
[SourceVersionDate "1997.11.17"]
[SourceQuality "1"]

1.Nf3 Nf6 2.c4 g6 3.b4 Bg7 4.Bb2 O-O 5.e3 d6 6.Be2 e5 7.O-O e4 8.Ne1 Nc6 
9.a3 a5 10.b5 Ne5 11.f3 Be6 12.Qc2 exf3 13.gxf3 Re8 14.f4 Ned7 15.Ng2 Nc5 
16.Nc3 c6 17.Rae1 Rc8 18.bxc6 bxc6 19.Na4 Bf5 20.d3 Nxa4 21.Qxa4 Nh5 22.
Bxg7 Nxg7 23.Qc2 Qb6 24.Rb1 Qc5 25.Qc3 d5 26.Rb7 Bh3 27.d4 Qd6 28.Bf3 Nf5 
29.Re1 dxc4 30.Qxc4 Qf6 31.Qc1 h5 32.Ra7 Qe6 33.Rxa5 Bxg2 34.Bxg2 Nh4 
1/2-1/2